| 000 | 005660000a22001930004500 | ||
|---|---|---|---|
| 999 |
_c48702 _d48702 |
||
| 001 | 1542 | ||
| 003 | CO-MdFUSB | ||
| 005 | 20170818153155.0 | ||
| 008 | 170818b xxu||||| |||| 00| 0 eng d | ||
| 020 | _a958-30-0330-1 | ||
| 040 | _cCO-MdBIC | ||
| 082 | 0 | 4 | _a863C P426c |
| 100 | 1 | _aPerrault, Charles | |
| 245 | 1 | 0 | _aCenicienta y otros cuentos / Charles Perrault ; traducido por David Chericián ; ilustrado por Rocío Parra |
| 260 | _aSantafé de Bogotá : Panamericana editorial | ||
| 300 | _a162 P. | ||
| 650 | 1 | 4 | _aCuentos - Literatura infantil |
| 942 | _cLGB | ||